Teams by NBA Finals Success Rate - Statistics

General Stats
  • This quiz has been taken 78 times
  • The average score is 10 of 12
Answer Stats
Win % Appearances Losing Years Team % Correct
81.1 21 1958, 1985, 1987, 2010 Boston Celtics
100%
53.1 32 1959, 1962, 1963, 1965, 1966, 1968, 1969, 1970, 1973, 1983, 1984, 1989, 1991, 2004, 2008 Los Angeles Lakers
100%
100 6 none Chicago Bulls
96%
50 6 2011, 2014, 2020 Miami Heat
96%
54.5 11 1948, 1964, 1967, 2016, 2019 Golden State Warriors
93%
83.3 6 2013 San Antonio Spurs
93%
50 2 2006 Dallas Mavericks
91%
50 4 1981, 1986 Houston Rockets
84%
66.7 3 1974 Milwaukee Bucks
84%
100 1 none Rochester Royals
77%
100 1 none Toronto Raptors
68%
100 1 none, folded in 1954 (only championship team to fold) Baltimore Bullets
39%
No matching quizzes found
Score Distribution
Percent of People with Each Score
Percentile by Number Answered
Your Score History
You have not taken this quiz